Falsely-Colored Flags Quiz Stats

 Plays Quiz Updated Jul 23, 2018

Challenge
Share
Tweet
Score 0/25 Timer 05:00
7 Plays Today
% Correct
B - Israel
97%
A - USA
96.2%
B - Germany
94%
A - Jamaica
83.7%
A - Estonia
83.1%
A - South Africa
82.5%
B - Mexico
80.1%
A - Kyrgyzstan
77.1%
A - Senegal
75.2%
A - Angola
73%
B - India
70.8%
A - Seychelles
68%
B - Portugal
67.9%
% Correct
B - Cuba
67.4%
B - Iceland
66.4%
B - Zimbabwe
65.8%
A - Panama
64.4%
A - Benin
63.7%
B - South Korea
62%
B - Ukraine
60.2%
A - Indonesia
58.6%
A - Palestine
58.3%
B - Tanzania
58.2%
B - Gambia
58.2%
A - Uruguay
37.9%

You're not logged in!

Compare scores with friends on all Sporcle quizzes.
OR
Log In

You Might Also Like...

Show Comments

Extras

Top Quizzes Today


Score Distribution

Your Account Isn't Verified!

In order to create a playlist on Sporcle, you need to verify the email address you used during registration. Go to your Sporcle Settings to finish the process.

Report this User

Report this user for behavior that violates our Community Guidelines.

Details: